1272 1752 1704 1769 1812 1036 1963 1594 1128 1731 1257 1789 1959 1283 1369 1184 1693 1319 1259 1766 1059 1298 1844 1886 1355 1121 1584 1111 1333 1681 1264 1344 1800 1354 1752 1130 1921 1832 1321 1737 1335 1288 1769 1461 1795 1804 1007 1015 1812 1867 1488 1373 1425 1174 1923 1422 1769 1176 1111 1639 1780 1965 1590 1594 1349 1965 1458 1247 1542 1629 1331 1723 1763 1636 1537 1780 1717 1104 1723 1709 1159 1910 1010 1500 1577 1018 1181 1007 1640 1817 1919 1493 1339 1943 1296 1134 1325 1072 1200 BCNSPRNW ULIB Ver.6.0+V

เปลี่ยนเป็นภาษาไทย

Change to English
 แสดงรายละเอียดบรรณานุกรม
  กลับหน้าหลัก

Brief Record : Get Marc (ISO 2709) : E-mail record : QR code < ปิดหน้าต่าง
LEADER : 00000nam 2200000uu 4500
001    13399111562
003     ULIB
008    110701s||||||||th 000 0 tha d
020    9749508114
050  4 BQ4570^bป384ท 2548
100 0  ประเวศ วะสี,^d2474-
245 10 94 ชีวิตท่องแดนพุทธภูมิ /^cประเวศ วะสี
250    พิมพ์ครั้งที่ 1
260    กรุงเทพฯ :^bหมอชาวบ้าน ,^c2548
300    276 หน้า :^bภาพประกอบ ;^c21 ซม.
650  7 พุทธศาสนา^xประวัติ
650  7 พระพุทธเจ้า
650  7 ศาสนาพราหมณ์
650  7 พุทธสถาน^zอินเดีย
653    Open Your Eyes Project
945    ^p170^l0^i017851
995    ทศพร
999 ^a ใช้งานได้ทุกระบบ
รายการนี้ยังไม่มีแท็ก
คุณยังไม่ได้ล็อกอิน คุณสามารถมีกิจกรรมร่วมกับเว็บไซต์ได้ แต่ต้องล็อกอินก่อน ::
  ล็อกอิน

รายการสื่อสารสนเทศ

ลำดับที่ ประเภท เลขเรียก/บาร์โค้ด สถานที่ สถานะ
- ไม่พบข้อมูล -

รายการใกล้เคียง
    หัวเรื่อง [พระพุทธเจ้า]

BibComment


ยังไม่เคยถูกคอมเมนท์

คอมเมนท์ทรัพยากรรายการนี้
  คอมเมนท์: 94 ชีวิตท่องแดนพุ..


 Copyright 2026. Bcnsprnw @Library